Hardest Quiz Ever- Countries - Statistics

General Stats
  • This quiz has been taken 35 times
  • The average score is 3 of 10
Answer Stats
Hint Answer % Correct
1. What Country Has An Area of 25,680 Sq. Km Burundi
62%
4. What country has the president Mohamed Farmaajo Somalia
57%
2. What Is the 135th most populated country Armenia
48%
3. What Country Has A Population Of 16,718,965 Cambodia
43%
6. What Country Am I Thinking Of Cyprus
33%
5. What is the area of Saint Lucia In Square Kilometers 610
24%
10. What Is The Exact World Population As Of 8:15 A.M June 7, 2021 7,871,009,551
14%
7. What Is The Area Of Greenland In Square Kilometers 410,450
10%
8. What Is The Exact Population Of Sint Maarten As Of June 7, 2021 42,876
10%
9. What is the exact population of Mauritania As Of June 7, 2021 4,649,658
10%
No matching quizzes found
Score Distribution
Percent of People with Each Score
Percentile by Number Answered
Your Score History
You have not taken this quiz